| 000 | 00482nam a2200157Ia 4500 | ||
|---|---|---|---|
| 008 | 170224s9999 xx 000 0 und d | ||
| 100 | _aNeta Kligler-Vilenchik | ||
| 245 | _aGood citizenship as a frame contest: Kony2012, memes, and critiques of the networked citizen | ||
| 245 | _cNeta Kligler-Vilenchik, Kjerstin Thorson | ||
| 260 | _bNew Media & Society | ||
| 260 | _c2016 | ||
| 300 | _a18:9 | ||
| 500 | _a2016 | ||
| 650 | _xCommunication Arts | ||
| 650 | _xMultimedia Arts | ||
| 999 |
_c316211 _d316211 |
||